000 02679nam a2200373 i 4500
001 129714
003 ES-MaACL
005 20251012203308.0
007 t|
008 070703s1901 sp a |||| | spa d
080 _a821.134.2-34"18"
100 1 _aZorrilla, José,
_d1817-1893
_9118354
245 1 0 _aLeyendas /
_cde D. José Zorrilla ; [esta obra se publica bajo la dirección artística de Don José Ramón Mélida... ilustrada por... artistas españoles... ; con un prólogo de D. Jacinto Octavio Picón...].
260 _aMadrid :
_bManuel Pedro Delgado,
_c1901 (
_fEst. Tipolit. "Sucesores de Rivadeneyra")
300 _a2 v. (LXIV, 237 p. ; 251 p., [1] h. pleg.) :
_bil. col. y n. ;
_c41 cm.
505 8 _aContiene: I. El capitán Montoya / ilustraciones de José Jiménez Aranda; portada alegórica y composiciones decorativas de Arturo Mélida ; Honra y vida que se pierden no se cobran más se vengan / il. de Enrique Simonet; port. alegórica y composiciones dec. de Arturo Mélida ; Príncipe y rey: romance histórico / il. de Marcelino de Unceta; port. alegórica y composiciones dec. de Arturo Mélida -- II. El escultor y el duque / il. de Daniel Urrabieta Vierge; port. alegórica y composiciones dec. de Arturo Mélida ; Para verdades, el tiempo, y para justicias, Dios: tradición / il. de Emilio Sala; port. alegórica y composiciones dec. de Arturo Mélida ; Las dos rosas / il. de Cecilio Pla; port. alegórica y composiciones dec. de Arturo Mélida ; A buen juez, mejor testigo: tradición de Toledo / il. de Alejandro Ferrant; port. alegórica y composiciones dec. de Arturo Mélida ; La sorpresa de Zahara: romance de 1841 / il. de Joaquín Sorolla; port. alegórica y composiciones dec. de Arturo Mélida
530 _aDisponible en formato digital.
599 _aRetr. de José Zorrilla.
700 1 _aMélida y Alinari, José Ramón,
_d1856-1933
_979969
700 1 _aPicón, Jacinto Octavio,
_d1852-1923
_991875
700 1 _aJiménez Aranda, José,
_d1837-1903
_966448
700 1 _aMélida y Alinari, Arturo,
_d1849-1902
_979968
700 1 _aSimonet Lombardo, Enrique,
_d1866-1927
_9173468
700 1 _aUnceta, Marcelino de.
_9111995
700 1 _aVierge, Daniel (
_d1851-1904)
_9114593
700 1 _aSala, Emilio,
_d1850-1910
_9173469
700 1 _aPla, Cecilio.
_9145631
700 1 _aFerrant Fischermans, Alejandro,
_d1843-1917
_9173470
700 1 _aSorolla, Joaquín,
_d1863-1923
_9107418
700 1 _aDelgado, Manuel Pedro.
_9126741
852 _aES-MaACL
_jR-2699-700
_xOlim:C-2465-66
856 _uhttp://bdh-rd.bne.es/viewer.vm?id=0000203039&page=1
_zBiblioteca Digital Hispánica
999 _c129714
_d129714